000 00447nam a2200145Ia 4500
008 220216s9999 xx 000 0 und d
100 _aSivakumaran S
245 0 _aIncidence and development of dryness in some modern Hevea cultivars
260 _bProceedings of the RRIM Rubber Growers Conference, Ipoh, Perak 1986; p104-125
650 _aHevea cultivars
650 _aTapping cut
700 _aKheng C O
700 _aTiong G L
942 _cJS
999 _c60975
_d60975